Bandera y viento : poemas de Carlomagno Araya /

Gespeichert in:
Bibliographische Detailangaben
1. Verfasser: Araya López, Carlomagno
Format: Unbekannt
Sprache:Spanish
Veröffentlicht: San José, Costa Rica : Imprenta Nacional, 1965.
Schlagworte:
Tags: Tag hinzufügen
Keine Tags, Fügen Sie den ersten Tag hinzu!

MARC

LEADER 000000000a22000000004500
001 003418
041 0 |a spa 
082 0 4 |a CR861.4   |b A663b 
100 1 |a Araya López, Carlomagno 
245 1 0 |a Bandera y viento :   |b poemas de Carlomagno Araya /   |c Carlomagno Araya López. 
260 1 |a San José, Costa Rica :   |b Imprenta Nacional,   |c 1965. 
300 |a 56 páginas 
650 4 |a LITERATURA COSTARRICENSE 
650 4 |a POESIA 
999 |c 9644  |d 9644 
942 |c BK  |h CR861.4 A663b  |2 z